Most Capped Male Footballers for Australia - Statistics

General Stats
  • This quiz has been taken 93 times
    59 since last reset
  • The average score is 7 of 25
Answer Stats
# Caps Years Answer % Correct
2 108 2004-2018 Tim Cahill
98%
23 58 1996-2012 Harry Kewell
79%
1 109 1993-2013 Mark Schwarzer
77%
13 73 2012- Matthew Ryan
38%
10 79 2008-2018 Mile Jedinak
38%
3 96 1996-2013 Lucas Neill
35%
6 84 2001-2015 Mark Bresciano
33%
4 95 1998-2012 Brett Emerton
29%
14 71 2012- Matthew Leckie
25%
11 76 1991-2006 Tony Vidmar
25%
8 80 2004-2014 Luke Wilkshire
21%
23 58 1995-2006 Tony Popovic
21%
19 60 2014- Trent Sainsbury
19%
17 62 2006-2013 Brett Holman
15%
8 80 2006-2019 Mark Milligan
15%
15 68 1998-2010 Scott Chipperfield
15%
12 74 2011- Robbie Kruse
13%
19 60 1993-2006 Stan Lazaridis
13%
6 84 1986-1996 Paul Wade
10%
5 87 1988-1998 Alex Tobin
8%
23 58 2006-2016 Matt Mackay
8%
19 60 1976-1988 John Kosmina
6%
16 65 1970-1979 Peter Wilson
6%
18 61 1967-1977 Attila Abonyi
4%
22 59 1991-1998 Milan Ivanovic
2%
No matching quizzes found
Score Distribution
Percent of People with Each Score
Percentile by Number Answered
Your Score History
You have not taken this quiz since the last reset